Houston Astros Season Home Run Leaders - Statistics

General Stats
  • This quiz has been taken 41 times
    11 since last reset
  • The average score is 36 of 64
Answer Stats
Year Player % Correct
2019 Alex Bregman
90%
2018 Alex Bregman
90%
2020 George Springer
90%
2017 George Springer
90%
2003 Jeff Bagwell
90%
2001 Jeff Bagwell
90%
2000 Jeff Bagwell
90%
1999 Jeff Bagwell
90%
1997 Jeff Bagwell
90%
1996 Jeff Bagwell
90%
1994 Jeff Bagwell
90%
1991 Jeff Bagwell
90%
2008 Lance Berkman
90%
2007 Lance Berkman
90%
2006 Lance Berkman
90%
2004 Lance Berkman
90%
2002 Lance Berkman
90%
1984 José Cruz
80%
1981 José Cruz
80%
1979 José Cruz
80%
2024 Yordan Alvarez
80%
2023 Yordan Alvarez
80%
2022 Yordan Alvarez
80%
2021 Yordan Alvarez
80%
1976 César Cedeño
70%
1974 César Cedeño
70%
1995 Craig Biggio
70%
1993 Craig Biggio
70%
1970 Jim Wynn
60%
1969 Jim Wynn
60%
1968 Jim Wynn
60%
1967 Jim Wynn
60%
1966 Jim Wynn
60%
1965 Jim Wynn
60%
2011 Carlos Lee
50%
2009 Carlos Lee
50%
2025 Christian Walker
50%
1978 Bob Watson
40%
1977 Bob Watson
40%
1975 Cliff Johnson
40%
1983 Dickie Thon
40%
2016 Evan Gattis
40%
2015 Evan Gattis
40%
1971 Joe Morgan
40%
1998 Moisés Alou
40%
2014 Chris Carter
30%
2013 Chris Carter
30%
1989 Glenn Davis
30%
1988 Glenn Davis
30%
1987 Glenn Davis
30%
1986 Glenn Davis
30%
1985 Glenn Davis
30%
1982 Phil Garner
30%
1980 Terry Puhl
30%
1992 Eric Anthony
20%
2010 Hunter Pence
20%
2012 Justin Maxwell
20%
1973 Lee May
20%
1972 Lee May
20%
2005 Morgan Ensberg
20%
1990 Franklin Stubbs
10%
1962 Román Mejías
10%
1963 John Bateman
0%
1964 Walt Bond
0%
No matching quizzes found
Score Distribution
Percent of People with Each Score
Percentile by Number Answered
Your Score History
You have not taken this quiz since the last reset